| 000 | 00729nam a22001817a 4500 | ||
|---|---|---|---|
| 003 | OSt | ||
| 005 | 20260405103042.0 | ||
| 008 | 260405b |||||||| |||| 00| 0 eng d | ||
| 020 | _a9783725845750 | ||
| 040 | _cn | ||
| 082 | _a690 G826 2025 | ||
| 245 |
_aGreen Building Design and Construction for a Sustainable Future / _bEditors: Yongtao Tan (Guest Editor), Peng Mao (Guest Editor), Xiaolong Gan (Guest Editor) |
||
| 260 | _bMDPI AG. 2025 | ||
| 300 | _a298 pages ; hardcover ; English | ||
| 650 | _aGreen building – Sustainable construction – Environmental design – Energy efficiency in buildings | ||
| 700 | _aYongtao Tan (Guest Editor), Peng Mao (Guest Editor), Xiaolong Gan (Guest Editor) | ||
| 942 |
_2ddc _cBK-EN _n0 |
||
| 999 |
_c8736 _d8736 |
||